000 01303nam0a2200301 4500
001 RU\NLR\bibl\1737805
005 20260405230205.0
010 _a978-5-7444-2395-7
_9500
021 _aRU
_b2011-4103
_9280
035 _a(NLR Aleph) 001728732
090 _a1385911
_c1385911
100 _a20110217d2010 |||y0rusy50 ca
101 0 _arus
102 _aRU
105 _aa |||||||||
200 1 _aГорный приют
_eтворчество Фудзивара Сюндзэй
_fТ.И. Бреславец
_gМ-во образования и науки Рос. Федерации, Дальневост. гос. ун-т, Вост. ин-т
210 _aВладивосток
_cИзд-во Дальневосточного университета
_d2010
215 _a228, [2] с.
_cил.
_d21
320 _aБиблиогр. в конце кн.
600 0 _aФудзивара Сюндзэй
_f1114 - 1204
_92573844
_3RU\NLR\auth\661521913
686 _aШ5(5Я)4-4Фудзивара Сюндзей
700 1 _aБреславец
_bТ. И.
_gТатьяна Иосифовна
_4070
702 0 _4570
_7ca
_8rus
_aФудзивара Сюндзэй
_f1114-1204
_987132
_3RU\NLR\AUTH\77104207
801 0 _aRU
_bNLR
_c20110217
_gRCR
801 1 _aRU
_bNLR
_c20110217
942 _cBOOK
980 _aNB